各省答对率最高/低的县级行政区 中南部分 Most famous/unknown counties in South China - Statistics

General Stats
  • This quiz has been taken 27 times
    25 since last reset
  • The average score is 8 of 20
Answer Stats
省区 % Correct
湖南 长沙县
68%
广东 白云区
64%
广东 天河区
64%
福建 思明区
64%
广东 番禺区
59%
湖南 岳麓区
59%
福建 集美区
55%
湖南 岳阳县
55%
海南 五指山市
50%
湖南 浏阳市
50%
广东 海珠区
45%
海南 琼山区|龙华区|海棠区
36%
广西 阳朔县
32%
福建 金门县
23%
湖南 临武县|北塔区|新宁县|东安县|宁远县|安仁县|嘉禾县|永兴县|双清区|绥宁县|泸溪县|新田县
18%
广东 蕉岭县|湘桥区|广宁县|丰顺县|始兴县|坡头区|东源县|德庆县|翁源县|仁化县|连平县|平远县
14%
广西 东兴市
14%
广西 防城区
9%
福建 寿宁县|顺昌县|平和县|华安县|龙文区|长泰区|芗城区|屏南县
5%
广西 龙圩区|龙州县|上林县|凤山县|富川瑶族自治县|隆安县|蒙山县|长洲区|武宣县|凌云县|万秀区
5%
No matching quizzes found
Score Distribution
Percent of People with Each Score
Percentile by Number Answered
Your Score History
You have not taken this quiz since the last reset